| 000 | 00686nam a2200229Ia 4500 | ||
|---|---|---|---|
| 008 | 191130s2010##################000#0#eng## | ||
| 020 | _a9780199560141 | ||
| 022 | _a2010279201 | ||
| 040 |
_aACL _cACL |
||
| 082 | _a616.85882 HAP | ||
| 245 |
_aAutism and talent _cedited by Francesca Happé, Uta Frith |
||
| 260 |
_aOxford _bOxford University Press _c2010 |
||
| 300 | _axx, 222 p. : ill. (some col.) ; 25 cm | ||
| 500 | _aIncludes bibliographical references and index | ||
| 650 | _aAutism | ||
| 650 | _aSavants (Savant syndrome) | ||
| 700 | _aFrith, Uta | ||
| 700 | _aHappé, Francesca | ||
| 990 | _adbbfbe85ac10000c0c69f47c19caeadb | ||
| 991 | _a119951 | ||
| 999 |
_c375922 _d375922 |
||